000 00416nam a2200157Ia 4500
008 140626s9999 xx 000 0 und d
100 _aVillar, Imelda.
245 _aNon-suicidal self-injurious behavior /
_cImelda Villar.
260 _cc2011.
300 _a4 : 1, page 16
440 _aJournal of Counselling
521 _aPSYCH
650 _aAdolescence.
650 _aSelf mutilation/injury.
942 _cSE
999 _c121360
_d121360